000 00288nam a22001337a 4500
003 SGT
082 _a616.01
_bS20M
100 _aMONIKA
245 _aA STUDY OF SERUM INTERLEKIN -10 LEVELS IN DENGUE
260 _aSGTU
_c2020
300 _a95
650 _aMICROBIOLOGY
942 _2ddc
_cTH
999 _c20748
_d20748